000 00241nam a2200097Ia 4500
008 120527s9999 xx 000 0 und d
100 _aLewisham,G.et al.
245 _aPaediatric formulatory 3rd ed.
260 _bGuys & st Thomas
942 _cBK
999 _c22427
_d22427